|
|
|
|
| LEADER |
00000ny a22000003n 4500 |
| 005 |
20110628104011.0 |
| 008 |
070316s2006 sp 000 0 spa d |
| 020 |
|
|
|a 9789588298009
|
| 035 |
|
|
|a 2779
|
| 040 |
|
|
|a BUC
|d vLex
|
| 080 |
|
|
|a 351:340.5
|x (440)
|x (861)
|
| 090 |
|
|
|c 1148
|d 1148
|
| 100 |
1 |
|
|a Salcedo Castro, Myriam
|
| 245 |
1 |
3 |
|a El arbitraje en los contratos concluidos por la administracin̤
|h [Recurso electrn̤ico]
|b estudio de derecho comparado francš y colombiano /
|c Myriam Salcedo Castro
|
| 256 |
|
|
|a Servicio en ln̕ea
|
| 260 |
|
|
|a Bogot ̀:
|b Universidad del Rosario,
|c 2006
|
| 300 |
|
|
|a v.
|
| 506 |
1 |
|
|a Contenido solo disponible en los productos indicados
|d vLex Global
|d vLex Global (Academic Edition, excluding Law Schools)
|d vLex Global (U.S. Academic Edition, Law Schools)
|d vLex Global (U.S. Academic Edition, excluding Law Schools)
|d vLex Global (Academic Edition, Law Schools)
|
| 650 |
0 |
4 |
|a Arbitraje (Derecho administrativo)
|z Colombia
|
| 650 |
0 |
4 |
|a Arbitraje (Derecho administrativo)
|z Francia
|
| 650 |
0 |
4 |
|a Contratos administrativos
|z Colombia
|
| 650 |
0 |
4 |
|a Contratos administrativos
|z Francia
|
| 650 |
0 |
4 |
|a Derecho Comparado
|
| 740 |
0 |
|
|a vLex Libros (Servicios en ln̕ea)
|
| 856 |
4 |
0 |
|u http://vlex.com/source/2779
|z Acceso restringido
|
| 942 |
|
|
|c BOOK
|
| 999 |
|
4 |
|a Arbitraje(derecho administrativo)
|z Colombia.
|
| 999 |
|
4 |
|a Arbitraje(derecho administrativo)
|z Francia.
|
| 999 |
|
4 |
|a Contratos administrativo
|z Colombia.
|
| 999 |
|
4 |
|a Contratos administrativos
|z Francia.
|
| 999 |
|
4 |
|a Derecho Comparado.
|